| 000 | 00848cam a22002531 4500 | ||
|---|---|---|---|
| 001 | sa 68015455 | ||
| 003 | DLC | ||
| 005 | 20260227112643.0 | ||
| 008 | 880915s1964 ii b b 00010 eng | ||
| 010 | _asa 68015455 //r88 | ||
| 020 | _cRs2 | ||
| 025 | _aPL 480: I-E-8306 | ||
| 043 | _aah----- | ||
| 050 | 0 |
_aQE289 _b.W3 |
|
| 100 | 1 | 0 |
_aWadia, D. N. _q(Darashaw Nosherwan), _d1883-1969. |
| 245 | 1 | 0 |
_aStructure of the Himalayas, _cby D.N. Wadia and W.D. West. |
| 260 | 1 |
_aNew Delhi, _c1964. |
|
| 300 |
_a10 p. _bmaps (part fold.) _c24 cm. |
||
| 500 | _aAt head of title: International Geological Congress, twenty-second session, India, 1964. | ||
| 504 | _aBibliography: p. 10. | ||
| 650 | 0 |
_aGeology _zHimalaya Mountains. |
|
| 700 | 1 | 0 |
_aWest, William Dixon, _ejoint author. |
| 711 | 2 | 0 |
_aInternational Geological Congress, _n22d, _cDelhi, _d1964. |
| 999 |
_c86468 _d86468 |
||